La plaga de la langosta / (Record no. 134086)

MARC details
000 -LEADER
campo de control de longitud fija 00795nam a22002531 4500
001 - NÚMERO DE CONTROL
campo de control 134086
003 - IDENTIFICADOR DE NÚMERO DE CONTROL
campo de control ES-MaACL
005 - FECHA Y HORA DE LA ÚLTIMA TRANSACCIÓN
campo de control 20240409133115.0
007 - CAMPO FIJO DE DESCRIPCIÓN FÍSICA--INFORMACIÓN GENERAL
campo de control de longitud fija t|
008 - DATOS DE LONGITUD FIJA--INFORMACIÓN GENERAL
campo de control de longitud fija 070905s1972 sp ||||0| spa d
016 7# - NÚMERO DE CONTROL DE UNA AGENCIA BIBLIOGRÁFICA NACIONAL
Número de control cancelado/no válido IND2000943421
040 ## - FUENTE DE CATALOGACIÓN
Centro catalogador/agencia de origen M-BN
Lengua de catalogación spa
Centro/agencia transcriptor CDM
080 ## - NÚMERO DE LA CLASIFICACIÓN DECIMAL UNIVERSAL
Número de la Clasificación Decimal Universal 820-311.2"19"
100 1# - ENTRADA PRINCIPAL--NOMBRE DE PERSONA
Nombre de persona West, Nathanael.
9 (RLIN) 116551
245 13 - MENCIÓN DEL TÍTULO
Título La plaga de la langosta /
Mención de responsabilidad, etc. Nathanael West ; [traducción de Cecilia Bustamante y Julio Ortega].
260 ## - PUBLICACIÓN, DISTRIBUCIÓN, ETC.
Lugar de publicación, distribución, etc. [Barcelona] :
Nombre del editor, distribuidor, etc. Seix Barral,
Fecha de publicación, distribución, etc. [1972]
300 ## - DESCRIPCIÓN FÍSICA
Extensión 205 p., 1 h ;
Dimensiones 20 cm.
490 1# - MENCIÓN DE SERIE
Mención de serie Biblioteca Formentor
700 1# - ENTRADA AGREGADA--NOMBRE PERSONAL
Nombre de persona Bustamante, Cecilia.
9 (RLIN) 32865
700 0# - ENTRADA AGREGADA--NOMBRE PERSONAL
Nombre de persona Ortega, Julio,
Fechas asociadas al nombre 1942-
9 (RLIN) 87416
830 0# - PUNTO DE ACCESO ADICIONAL DE SERIE-TÍTULO UNIFORME
Título uniforme Biblioteca Formentor
9 (RLIN) 180387
852 ## - LOCALIZACIÓN
Ubicación ES-MaACL
Número de control de estantería C-49303
Sublocalización o colección R.84290
Holdings
Estatus retirado Estado de pérdida Estado de daño No para préstamo Biblioteca de origen Biblioteca actual Ubicación en estantería Fecha de adquisición Fuente de adquisición Total de préstamos Signatura topográfica completa Código de barras Visto por última vez Precio de reemplazo Tipo de ítem Koha
        Biblioteca del Ateneo de Madrid Biblioteca del Ateneo de Madrid Depósito 2 17/01/2008     C-49303 1139577 23/02/2023 23/02/2023 Libro impreso